00887 2200277 4500001002100000001002100021005001500042020002200057035002400079040001200103082001900115084002300134090001900157090002300176100004400199245004800243245010100291250001100392260003100403260003400434300004500468504003100513650003700544850001200581990001600593YOGYA000000000001133YOGYA00000000000113320140822084716 a978-979-3075-08-6 0010-081400000001173 aYOPDYOG 2[22]a392.5982 aCoE 392.5982 Suw W a297.1202 Ala I aCoE 392.5982 Suw W aSUWARDJOKO PROBOADINAGORO WARPANI, K.P. aIlmu Taiwid populercAlam , Sei H Dt Tombuk aWerdaning tatacara sarta ubarampe penganten adat Jawic/ K.P. Suwardjoko Proboadinagoro Warpani. aCet.1. aJakartabBumi Aksarac1995 aYogyakartabKepel Pressc2011 axix, 206 hlm.b: ilus.c; 22 cm (3 eks.) aBibliografi : hlm. 201-204 aAdat dan upacara perkawinan-Jawa aYOPDYOG a109001-P/98